[Event "OHS2013"]
[Site "?"]
[Date "2013.03.18"]
[Round "7.1"]
[White "Bartel, Mario"]
[Black "Kolakovic, Klaudio"]
[Result "1-0"]
[WhiteElo "2101"]
[BlackElo "2001"]
[PlyCount "39"]
[EventDate "2013.03.19"]
[SourceDate "2013.03.19"]

1. e4 d6 2. d4 g6 3. Nf3 Bg7 4. Nc3 a6 5. Be3 b5 6. Qd2 Bb7 7. Bd3 Nf6 8. Bh6
O-O 9. Bxg7 Kxg7 10. e5 Ng8 11. Qe3 e6 12. h4 Nd7 13. h5 Bxf3 14. gxf3 f5 15.
hxg6 h6 16. Ne2 Re8 17. O-O-O Kxg6 18. Rdg1+ Kh7 19. Rxg8 Kxg8 20. Qxh6 1-0

[Event "OHS2013"]
[Site "?"]
[Date "2013.03.18"]
[Round "7.4"]
[White "Melmer, Felix"]
[Black "Wloczek, Josef"]
[Result "0-1"]
[WhiteElo "1996"]
[BlackElo "1919"]
[PlyCount "64"]
[EventDate "2013.03.19"]
[SourceDate "2013.03.19"]

1. f4 d5 2. Nf3 c5 3. e3 Nc6 4. b3 Bg4 5. Bb2 Nf6 6. h3 Bf5 7. Bb5 Qb6 8. Na3
e6 9. Ne5 Ne4 10. g4 Bg6 11. Qf3 Nd6 12. Bxc6+ bxc6 13. d3 Qa5+ 14. Ke2 Qa6 15.
c4 Rb8 16. Rhc1 Be7 17. cxd5 Bf6 18. Nac4 cxd5 19. Nxd6+ Qxd6 20. e4 c4 21. f5
Bxe5 22. d4 Bf4 23. e5 Qa6 24. Rc3 cxb3+ 25. Kf2 bxa2 26. Ba3 Rb1 27. Qxf4 Rxa1
28. Qg5 Qf1+ 29. Kg3 Qe1+ 30. Kf4 Qe4+ 31. Kg3 Rg1+ 32. Kf2 Qe1+ 0-1

[Event "OHS2013"]
[Site "?"]
[Date "2013.03.18"]
[Round "7.5"]
[White "Markert, Dr"]
[Black "Ribbeheger, Edgar"]
[Result "0-1"]
[WhiteElo "1846"]
[BlackElo "1986"]
[PlyCount "88"]
[EventDate "2013.03.19"]
[SourceDate "2013.03.19"]

1. e4 c5 2. Nc3 e6 3. g3 d6 4. Bg2 Be7 5. d3 Nf6 6. f4 Nc6 7. Nf3 O-O 8. O-O a6
9. Kh1 d5 10. e5 Nd7 11. Bh3 b5 12. a3 Qc7 13. Ne2 Bb7 14. Be3 d4 15. Bg1 Ncxe5
16. fxe5 Nxe5 17. Bg2 Nxf3 18. Bxf3 Bxf3+ 19. Rxf3 Qc6 20. Qf1 g5 21. Qg2 f5
22. Rff1 Qd7 23. Rae1 Rae8 24. Nc1 c4 25. dxc4 bxc4 26. Rd1 e5 27. Bf2 Qb5 28.
Rfe1 Bf6 29. b3 Qa5 30. bxc4 Qxa3 31. Qc6 Kh8 32. Bxd4 Rc8 33. Qd5 exd4 34. Nb3
Qb4 35. c5 a5 36. c6 a4 37. Nc5 Qb5 38. Qd6 Qxc6+ 39. Qxc6 Rxc6 40. Nd7 Ra8 41.
Nxf6 Rxf6 42. Re7 a3 43. Rd7 a2 44. Ra1 Rb6 0-1

[Event "OHS2013"]
[Site "?"]
[Date "2013.03.18"]
[Round "7.6"]
[White "Göldenboog, Jürgen"]
[Black "Schmidt, Ralph"]
[Result "0-1"]
[WhiteElo "1840"]
[BlackElo "1898"]
[PlyCount "124"]
[EventDate "2013.03.19"]
[SourceDate "2013.03.19"]

1. d4 d5 2. c4 e6 3. Nc3 Be7 4. Nf3 Nf6 5. Bg5 h6 6. Bh4 dxc4 7. e4 Nxe4 8.
Bxe7 Nxc3 9. Bxd8 Nxd1 10. Rxd1 Kxd8 11. Ne5 Ke7 12. Bxc4 Nd7 13. O-O Nb6 14.
Rfe1 Rd8 15. b3 Nd5 16. g3 f6 17. Ng6+ Kf7 18. Nf4 c6 19. a4 Nxf4 20. gxf4 g6
21. Re3 Rd6 22. h4 h5 23. f5 Bd7 24. fxg6+ Kxg6 25. Rg3+ Kh7 26. Bd3+ Kh8 27.
Be2 Rd5 28. Kh2 Rf5 29. Rf3 Rxf3 30. Bxf3 Be8 31. Kg3 Rc8 32. b4 Kg7 33. Kf4
Bg6 34. Rc1 Rd8 35. Ke3 e5 36. d5 e4 37. dxc6 Rd3+ 38. Ke2 exf3+ 39. Ke1 bxc6
40. Rxc6 Rd4 41. a5 Rxb4 42. Rc7+ Kh6 43. Rxa7 Rxh4 44. Rc7 Ra4 45. Rc5 h4 46.
Kd2 h3 47. Rc1 Bf5 48. Ke3 Bg4 49. a6 f5 50. a7 f4+ 51. Kd3 Rxa7 52. Ke4 Kg5
53. Rc5+ Kh4 54. Kxf4 h2 55. Rc1 Rf7+ 56. Ke3 Kh3 57. Rc6 h1=Q 58. Rh6+ Kg2 59.
Rg6 Qc1+ 60. Kd3 Rd7+ 61. Ke4 Qc4+ 62. Ke3 Qd4# 0-1

[Event "OHS2013"]
[Site "?"]
[Date "2013.03.18"]
[Round "7.7"]
[White "Mancic, Ivan"]
[Black "Löffelbein, Klaus"]
[Result "1-0"]
[WhiteElo "2086"]
[BlackElo "1870"]
[PlyCount "61"]
[EventDate "2013.03.19"]
[SourceDate "2013.03.19"]

1. d4 d5 2. c4 dxc4 3. Nf3 Nf6 4. e3 e6 5. Bxc4 c5 6. Nc3 a6 7. a4 Nbd7 8. O-O
Be7 9. e4 cxd4 10. Nxd4 Ne5 11. Be2 Bc5 12. Be3 Bxd4 13. Bxd4 Nc6 14. Bc5 Qxd1
15. Rfxd1 Nd7 16. Ba3 b6 17. e5 f5 18. Rd6 Ncxe5 19. Rxe6+ Kf7 20. Re7+ Kg6 21.
Rd1 f4 22. Rd6+ Kf5 23. Bd1 g6 24. h4 f3 25. gxf3 g5 26. f4 gxf4 27. f3 Nxf3+
28. Bxf3 Ra7 29. Rd5+ Kf6 30. Ne4+ Kg6 31. h5+ 1-0

[Event "OHS2013"]
[Site "?"]
[Date "2013.03.18"]
[Round "7.8"]
[White "Wickenfeld, Stefan"]
[Black "Klinke, Werner"]
[Result "1/2-1/2"]
[WhiteElo "2073"]
[BlackElo "1844"]
[PlyCount "68"]
[EventDate "2013.03.19"]
[SourceDate "2013.03.19"]

1. e4 c5 2. Nf3 Nf6 3. Nc3 Nc6 4. Bc4 e6 5. d4 cxd4 6. Nxd4 Bb4 7. Nxc6 dxc6 8.
Qxd8+ Kxd8 9. Bd2 Ke7 10. f3 b5 11. Bd3 a6 12. Ke2 Ba5 13. a4 Bb7 14. Ra2 Nd7
15. f4 f6 16. Rha1 h6 17. g3 g5 18. Kf3 Bb6 19. axb5 cxb5 20. Be3 Bxe3 21. Kxe3
gxf4+ 22. gxf4 Rhg8 23. Ne2 Rg2 24. Bxb5 Nc5 25. b4 Nxe4 26. Bxa6 Bxa6 27. Rxa6
Rxa6 28. Rxa6 Nd6 29. Nd4 e5 30. Ra7+ Ke8 31. fxe5 fxe5 32. Ne2 Rxh2 33. c3
Rh3+ 34. Kd2 Ne4+ 1/2-1/2

[Event "OHS2013"]
[Site "?"]
[Date "2013.03.18"]
[Round "7.9"]
[White "Müller-Kreth, Kai"]
[Black "Scheibe, Werner"]
[Result "1/2-1/2"]
[WhiteElo "1796"]
[BlackElo "1864"]
[PlyCount "98"]
[EventDate "2013.03.19"]
[SourceDate "2013.03.19"]

1. d4 Nf6 2. c4 g6 3. Nc3 d5 4. cxd5 Nxd5 5. Nf3 Bg7 6. e4 Nxc3 7. bxc3 O-O 8.
Bc4 c5 9. Be3 Bg4 10. Qd2 Bxf3 11. gxf3 Qa5 12. Rd1 Rd8 13. f4 e6 14. h4 Nc6
15. e5 cxd4 16. cxd4 Qxd2+ 17. Rxd2 Ne7 18. h5 a6 19. hxg6 hxg6 20. Ke2 Rac8
21. Bb3 Rc3 22. Rc2 Rxc2+ 23. Bxc2 Bf8 24. Be4 Nd5 25. Rc1 Bb4 26. Kf3 Kg7 27.
Rb1 a5 28. a3 Bxa3 29. Rxb7 Bb4 30. Bd3 Rc8 31. Bb5 Rc7 32. Rxc7 Nxc7 33. Bc6
Kf8 34. Ke4 Ke7 35. Kd3 Be1 36. Kc4 Na6 37. d5 exd5+ 38. Bxd5 Bb4 39. Bb7 Nc7
40. Bb6 Ne6 41. Be3 Ng7 42. Be4 Nf5 43. Bb6 Bd2 44. Bc5+ Kd7 45. Bd5 Bxf4 46.
Bxf7 Bxe5 47. Bxg6 Nd6+ 48. Kd5 Bf4 49. Bd3 Kc7 1/2-1/2

[Event "OHS2013"]
[Site "?"]
[Date "2013.03.18"]
[Round "7.10"]
[White "Funke, Eckhard"]
[Black "Wiese, Thomas"]
[Result "1-0"]
[WhiteElo "1861"]
[BlackElo "1753"]
[PlyCount "86"]
[EventDate "2013.03.19"]
[SourceDate "2013.03.19"]

1. d4 d5 2. c4 c6 3. cxd5 cxd5 4. Nc3 Nc6 5. Nf3 Nf6 6. Bg5 e6 7. e3 Qb6 8. Qc2
Bd7 9. a3 Qa5 10. Be2 Ne4 11. O-O Nxc3 12. bxc3 Bd6 13. c4 h6 14. Bh4 dxc4 15.
Bxc4 O-O 16. Bg3 Bxg3 17. hxg3 Ne7 18. Ne5 Bb5 19. Bxb5 Qxb5 20. Rfb1 Qd5 21.
Qc7 Nc6 22. Rxb7 Nxe5 23. dxe5 Rac8 24. Qd7 Qxe5 25. Rd1 Qf6 26. Qa4 Rfd8 27.
Rbd7 Rxd7 28. Qxd7 Rc2 29. Qd8+ Qxd8 30. Rxd8+ Kh7 31. Rd7 a5 32. Rxf7 Kg6 33.
Ra7 Rc1+ 34. Kh2 Rc5 35. g4 Kf6 36. Kg3 g5 37. Kf3 Kg6 38. g3 Kf6 39. Ra8 Ke5
40. Rh8 Kd5 41. Rxh6 Kc4 42. Rxe6 a4 43. Rb6 Kc3 1-0

[Event "OHS2013"]
[Site "?"]
[Date "2013.03.18"]
[Round "7.11"]
[White "Fischöder, Heiko"]
[Black "Radi, Günter"]
[Result "1-0"]
[WhiteElo "1939"]
[BlackElo "1859"]
[PlyCount "57"]
[EventDate "2013.03.19"]
[SourceDate "2013.03.19"]

1. d4 d5 2. c4 c6 3. Nf3 Nf6 4. g3 g6 5. Bg2 Bg7 6. O-O O-O 7. Nc3 dxc4 8. Ne5
Be6 9. e4 Nbd7 10. Qe2 Nxe5 11. dxe5 Nd7 12. f4 Nb6 13. Be3 Qc8 14. Qf2 Bd7 15.
Bc5 Re8 16. Rae1 Qc7 17. Bd4 f5 18. Rd1 e6 19. a4 fxe4 20. Bxb6 axb6 21. Qd4
Red8 22. Qxc4 e3 23. Nb5 Qc8 24. Nd6 Qb8 25. b3 Kf8 26. f5 gxf5 27. Rxf5+ Kg8
28. Rf7 b5 29. Qg4 1-0

[Event "OHS2013"]
[Site "?"]
[Date "2013.03.18"]
[Round "7.12"]
[White "Winterkamp, Sascha"]
[Black "Stenzel, Gerhard"]
[Result "1-0"]
[WhiteElo "1956"]
[BlackElo "1629"]
[PlyCount "57"]
[EventDate "2013.03.19"]
[SourceDate "2013.03.19"]

1. Nf3 d5 2. d4 Nc6 3. c3 Nf6 4. h3 h6 5. Bf4 Bf5 6. e3 a6 7. b4 Ne4 8. b5 axb5
9. Bxb5 Bd7 10. Nfd2 Nxd2 11. Nxd2 Ne5 12. Be2 Ng6 13. Bg3 e6 14. Bd3 c5 15.
O-O c4 16. Bc2 Qa5 17. Bxg6 fxg6 18. Qb1 O-O-O 19. Qxg6 Qxc3 20. Nxc4 dxc4 21.
Rfc1 Qb4 22. Rab1 Qe7 23. Rxc4+ Bc6 24. Rxc6+ bxc6 25. Rb8+ Kd7 26. Rb7+ Kc8
27. Rxe7 Bxe7 28. Qxe6+ Rd7 29. Qxc6+ 1-0

[Event "OHS2013"]
[Site "?"]
[Date "2013.03.18"]
[Round "7.13"]
[White "Gorzinski, Darius"]
[Black "Klüting, Reiner"]
[Result "1-0"]
[WhiteElo "1923"]
[BlackElo "1887"]
[PlyCount "62"]
[EventDate "2013.03.19"]
[SourceDate "2013.03.19"]

1. e4 c6 2. d4 d5 3. exd5 cxd5 4. c4 Nf6 5. Nc3 Nc6 6. Nf3 Bg4 7. cxd5 Nxd5 8.
Qb3 Nb6 9. Be3 Be6 10. Qd1 f6 11. b3 Bf7 12. Bd3 e5 13. O-O Bb4 14. Ne2 O-O 15.
dxe5 Nxe5 16. Nxe5 fxe5 17. Qc2 g6 18. Rad1 Qe7 19. Bc1 Rac8 20. Qb1 Nd5 21.
Be4 Nc3 22. Nxc3 Bxc3 23. Be3 b6 24. Rd3 Qb4 25. Rd7 Rfd8 26. Rxa7 Bd2 27. h4
Qc3 28. Bxd2 Rxd2 29. h5 Rb2 30. Qd1 Qd4 31. Qf3 Be6 1-0

[Event "OHS2013"]
[Site "?"]
[Date "2013.03.18"]
[Round "7.15"]
[White "Wolff, Christoph"]
[Black "Grunwald, Günther"]
[Result "1-0"]
[WhiteElo "2000"]
[BlackElo "1569"]
[PlyCount "71"]
[EventDate "2013.03.19"]
[SourceDate "2013.03.19"]

1. e4 e5 2. Nc3 Nf6 3. f4 d5 4. fxe5 Nxe4 5. Nf3 Be7 6. Qe2 Nxc3 7. dxc3 O-O 8.
Bf4 Be6 9. O-O-O Nc6 10. c4 d4 11. Nxd4 Nxd4 12. Qe4 c5 13. c3 Bf5 14. Qe3 Qa5
15. cxd4 Qxa2 16. d5 Qb1+ 17. Kd2 Qxb2+ 18. Ke1 Qb4+ 19. Kf2 a5 20. Bd3 Bxd3
21. Qxd3 Qb2+ 22. Rd2 Qd4+ 23. Qxd4 cxd4 24. d6 Bd8 25. c5 Rc8 26. Rc1 g5 27.
Bg3 h5 28. Ke2 Rc6 29. Rxd4 b6 30. Rdc4 b5 31. Re4 Bb6 32. Bf2 Bd8 33. Kd3 f5
34. Re2 f4 35. Ke4 Kf7 36. Kd5 1-0

[Event "OHS2013"]
[Site "?"]
[Date "2013.03.18"]
[Round "7.16"]
[White "Deutschmann, Jürgen"]
[Black "Kraus, Tanja"]
[Result "1/2-1/2"]
[WhiteElo "1536"]
[BlackElo "1697"]
[PlyCount "50"]
[EventDate "2013.03.19"]
[SourceDate "2013.03.19"]

1. d4 c5 2. d5 e6 3. dxe6 fxe6 4. c4 Nf6 5. Nc3 Be7 6. e4 Nc6 7. Nf3 O-O 8. Be2
Ng4 9. h3 Nge5 10. Nxe5 Nxe5 11. O-O d6 12. Be3 Bd7 13. Qd2 Bc6 14. f4 Ng6 15.
f5 exf5 16. Rxf5 Rxf5 17. exf5 Nh4 18. Nd5 Nxf5 19. Bf3 Bf6 20. Nxf6+ Qxf6 21.
Bd5+ Kh8 22. Rf1 Bxd5 23. Bg5 Qd4+ 24. Qxd4 Nxd4 25. cxd5 Rd8 1/2-1/2

[Event "OHS2013"]
[Site "?"]
[Date "2013.03.18"]
[Round "7.17"]
[White "Bleich, Karl-Heinz"]
[Black "Schäfer, Michael"]
[Result "1-0"]
[WhiteElo "1543"]
[BlackElo "1660"]
[PlyCount "60"]
[EventDate "2013.03.19"]
[SourceDate "2013.03.19"]

1. d4 Nf6 2. c4 e6 3. Nc3 d5 4. Nf3 c6 5. Bg5 Be7 6. e3 Nbd7 7. cxd5 exd5 8.
Bd3 O-O 9. O-O Re8 10. Rc1 Ne4 11. Bxe7 Qxe7 12. Qc2 f5 13. Rce1 Kh8 14. Nd2
Qh4 15. f3 Nxc3 16. bxc3 g6 17. c4 Nf6 18. g3 Qh6 19. e4 fxe4 20. fxe4 Ng4 21.
Nf3 Be6 22. Qe2 dxc4 23. Bb1 Qg7 24. Rd1 Nh6 25. Qd2 Bg4 26. e5 Rad8 27. Rde1
Bxf3 28. Rxf3 c5 29. d5 Rxe5 30. Rxe5 Qxe5 1-0

[Event "OHS2013"]
[Site "?"]
[Date "2013.03.18"]
[Round "7.18"]
[White "Säglitz, Patrick"]
[Black "Sikorski, Thomas"]
[Result "1-0"]
[WhiteElo "1401"]
[BlackElo "1656"]
[PlyCount "83"]
[EventDate "2013.03.19"]
[SourceDate "2013.03.19"]

1. d4 c6 2. c4 d6 3. Nc3 Nd7 4. e4 e5 5. Nf3 Ngf6 6. Bg5 Be7 7. Be2 O-O 8. O-O
Qc7 9. Rc1 Rd8 10. d5 Nf8 11. h3 Ng6 12. Qd2 a5 13. a4 Bd7 14. Rfd1 c5 15. Ne1
h6 16. Be3 Kh7 17. Nd3 Nxe4 18. Nxe4 f5 19. Ndxc5 fxe4 20. Nxd7 Rxd7 21. Qc2
Qd8 22. Qxe4 Bg5 23. Bd3 Qf6 24. Re1 b6 25. Rc2 Rb8 26. Bxg5 Qxg5 27. Re3 Rf7
28. Rg3 Rf4 29. Qxg6+ Qxg6 30. Rxg6 Rd4 31. Rg3+ e4 32. Bf1 g5 33. Re3 Kg6 34.
f3 exf3 35. Rxf3 Re8 36. Rcf2 Re1 37. Rf7 Rxc4 38. g4 Rf4 39. R7xf4 gxf4 40.
Rxf4 Kg5 41. Rf5+ Kg6 42. Kf2 1-0

[Event "OHS2013"]
[Site "?"]
[Date "2013.03.18"]
[Round "7.19"]
[White "Nagel, Frank"]
[Black "Kümmel, Hans-Jürgen"]
[Result "1-0"]
[WhiteElo "1585"]
[BlackElo "1301"]
[PlyCount "125"]
[EventDate "2013.03.19"]
[SourceDate "2013.03.19"]

1. d4 d5 2. c4 c6 3. Nc3 Nf6 4. Nf3 Bf5 5. cxd5 cxd5 6. e3 Nc6 7. a3 a6 8. Bd3
Bxd3 9. Qxd3 e6 10. O-O Bd6 11. Re1 O-O 12. e4 dxe4 13. Nxe4 Nxe4 14. Rxe4 Be7
15. Rg4 Bf6 16. Ng5 g6 17. Qh3 Bxg5 18. Bxg5 f6 19. Be3 Qd7 20. Rd1 Ne7 21. Bh6
Rf7 22. Rg3 Nf5 23. Rgd3 Nxh6 24. Qxh6 Rc8 25. R3d2 Qd5 26. Qe3 Rfc7 27. f3 Rc2
28. Qe4 Rxd2 29. Rxd2 Kg7 30. Kf2 Rc6 31. Qxd5 exd5 32. Ke3 Kf7 33. Kd3 h5 34.
f4 f5 35. Re2 Rd6 36. Re5 b5 37. h3 Rd7 38. g4 hxg4 39. hxg4 fxg4 40. Rg5 Kf6
41. Rxg4 Rh7 42. Rg5 Rh5 43. Re5 Rh3+ 44. Kd2 Rh2+ 45. Kc3 Rh3+ 46. Kb4 Rf3 47.
Rxd5 Rxf4 48. Rd6+ Ke7 49. Rxg6 Rxd4+ 50. Kc5 Rd2 51. b4 Rc2+ 52. Kb6 Rc3 53.
Kxa6 Rxa3+ 54. Kxb5 Kd7 55. Kb6 Rb3 56. b5 Rb1 57. Ka6 Ra1+ 58. Kb7 Rb1 59. b6
Rb2 60. Kb8 Rb3 61. b7 Rh3 62. Ka7 Ra3+ 63. Ra6 1-0

[Event "OHS2013"]
[Site "?"]
[Date "2013.03.18"]
[Round "7.20"]
[White "Böcker, Marcus"]
[Black "Nioduschewski, Nils"]
[Result "0-1"]
[WhiteElo "1246"]
[BlackElo "1260"]
[PlyCount "102"]
[EventDate "2013.03.19"]
[SourceDate "2013.03.19"]

1. e4 e5 2. d4 exd4 3. Nf3 Bb4+ 4. Bd2 Bxd2+ 5. Qxd2 c5 6. Bc4 Ne7 7. c3 dxc3
8. Nxc3 O-O 9. O-O Nbc6 10. Qd6 Qb6 11. Nd5 Nxd5 12. exd5 Nd4 13. Qxb6 Nxf3+
14. gxf3 axb6 15. Rfe1 d6 16. Re7 f6 17. Rae1 Rb8 18. Bb5 Bh3 19. Rc7 Rf7 20.
Ree7 Rxe7 21. Rxe7 Kf8 22. Re4 Rd8 23. a4 Bd7 24. Bxd7 Rxd7 25. b4 Re7 26. bxc5
bxc5 27. Rxe7 Kxe7 28. Kf1 Kd7 29. Ke2 Kc7 30. Kd3 Kb6 31. Kc4 Ka5 32. Kb3 b6
33. f4 g5 34. fxg5 fxg5 35. h3 h6 36. f3 h5 37. Kc3 Kxa4 38. Kd3 b5 39. Ke4 b4
40. Kf5 b3 41. Ke6 b2 42. Kxd6 Kb5 43. Kc7 b1=Q 44. d6 Qf5 45. d7 Qxd7+ 46.
Kxd7 c4 47. Ke6 c3 48. Kf5 c2 49. Kxg5 c1=Q+ 50. Kxh5 Qf4 51. h4 Kc6 0-1

[Event "OHS2013"]
[Site "?"]
[Date "2013.03.18"]
[Round "7.21"]
[White "Czarnecki, Günter"]
[Black "Steinke, Hans-Jörg"]
[Result "0-1"]
[WhiteElo "1087"]
[BlackElo "1640"]
[PlyCount "94"]
[EventDate "2013.03.19"]
[SourceDate "2013.03.19"]

1. e4 e6 2. Nf3 d5 3. e5 c5 4. d4 Nc6 5. Bb5 Bd7 6. O-O cxd4 7. Bxc6 bxc6 8.
Nxd4 Qc7 9. Nf3 Ne7 10. b3 Ng6 11. Bb2 Bb4 12. a3 Ba5 13. b4 Bb6 14. Bd4 c5 15.
bxc5 Bxc5 16. Bxc5 Qxc5 17. Qd2 Rc8 18. c3 O-O 19. Qd4 Bb5 20. Qxc5 Rxc5 21.
Re1 Bd3 22. Re3 Bc2 23. Nbd2 Rfc8 24. Nb1 h6 25. h3 Bxb1 26. Rxb1 Rxc3 27. Rxc3
Rxc3 28. a4 Rc4 29. a5 Rc5 30. a6 Ra5 31. Rb8+ Nf8 32. Nd4 Rxa6 33. f4 Rb6 34.
Ra8 a6 35. f5 exf5 36. Nxf5 Re6 37. Nd4 Rxe5 38. Rxa6 Re4 39. Nc6 Re6 40. Kf2
d4 41. Ra4 Rxc6 42. Rxd4 Rc2+ 43. Kg3 Ne6 44. Ra4 Nc5 45. Ra8+ Kh7 46. Kh2 Nd3
47. Kg3 Ne1 0-1

[Event "OHS2013"]
[Site "?"]
[Date "2013.03.18"]
[Round "7.22"]
[White "Rochol, Jürgen"]
[Black "Breme, Dietmar"]
[Result "0-1"]
[WhiteElo "1400"]
[BlackElo "1283"]
[PlyCount "48"]
[EventDate "2013.03.19"]
[SourceDate "2013.03.19"]

1. e4 c6 2. d4 d5 3. exd5 cxd5 4. c4 Nf6 5. Nc3 Nc6 6. h3 e6 7. Nf3 Be7 8. Be2
b6 9. O-O O-O 10. Be3 Bb7 11. Rc1 Rc8 12. Qd2 Bb4 13. a3 Ne4 14. Qc2 Nxc3 15.
axb4 Nxe2+ 16. Qxe2 Nxb4 17. b3 Ba6 18. Rc3 Qe7 19. Rfc1 Bb7 20. Bd2 Na2 21.
cxd5 Nxc3 22. Bxc3 Bxd5 23. Qb2 Qf6 24. Ne1 Rc6 0-1

[Event "OHS2013"]
[Site "?"]
[Date "2013.03.18"]
[Round "7.23"]
[White "Milk, Joshua"]
[Black "Heinz, Hans-Werner"]
[Result "0-1"]
[WhiteElo "1192"]
[BlackElo "1169"]
[PlyCount "167"]
[EventDate "2013.03.19"]
[SourceDate "2013.03.19"]

1. c4 e5 2. Nc3 Nf6 3. e4 c6 4. Nf3 d6 5. Be2 Be7 6. d3 h6 7. Qb3 a6 8. c5 O-O
9. O-O Nbd7 10. cxd6 Bxd6 11. Be3 b5 12. a3 c5 13. Nh4 Kh7 14. Qc2 Bb7 15. Nf5
Nb6 16. Qd2 Ng8 17. f4 Rc8 18. Rf3 f6 19. fxe5 Bxe5 20. Rh3 Rc7 21. Bxh6 gxh6
22. Rxh6+ Nxh6 23. Qxh6+ Kg8 24. Bh5 Rh7 25. Qg6+ Kh8 26. Qg4 Rg8 27. Qf3 Qc7
28. h3 Qd7 29. Bg4 Bd4+ 30. Kf1 Qd8 31. Nxd4 cxd4 32. Ne2 Bc8 33. Bxc8 Nxc8 34.
Rc1 Qd6 35. Qf5 Ne7 36. Qf2 Nc6 37. b4 Ne5 38. Qf4 Qd8 39. Rd1 Ng6 40. Qf2 Nh4
41. Nf4 Qd6 42. g3 Ng6 43. Nd5 Rf8 44. h4 Ne5 45. Qxd4 Nf3 46. Qf2 Ne5 47. Nf4
Rg8 48. Nd5 Ng4 49. Qf4 Qe6 50. Nc7 Qb3 51. Ke2 Qxa3 52. Nd5 Rf7 53. e5 Qb2+
54. Rd2 Qxe5+ 55. Qxe5 fxe5 56. Kd1 Rf1+ 57. Kc2 Rc8+ 58. Kb2 Rf2 59. Rxf2 Nxf2
60. Ne7 Re8 61. Nd5 Nxd3+ 62. Kc3 e4 63. Kd4 Nf2 64. Ke3 Ng4+ 65. Ke2 Nh6 66.
Nc7 Re5 67. Ke3 Re7 68. Nd5 Re8 69. Nc3 Nf7 70. g4 Nd6 71. Nd5 Rf8 72. Nf4 Kh7
73. g5 Re8 74. Nd5 Rf8 75. Nf4 Ra8 76. h5 a5 77. bxa5 Rxa5 78. g6+ Kh6 79. Ne6
Ne8 80. Kxe4 Kxh5 81. g7 Nf6+ 82. Kd3 Kg6 83. Kc2 Ra4 84. Nc7 0-1

[Event "OHS 2013"]
[Site "Herne"]
[Date "2013.03.11"]
[Round "6.1"]
[White "Kolakovic, Klaudio"]
[Black "Markert, Dirk"]
[Result "1-0"]
[WhiteElo "2001"]
[BlackElo "1846"]
[PlyCount "67"]
[EventDate "2013.??.??"]

1. e4 e6 2. Qe2 g6 3. f4 Ne7 4. Nf3 Bg7 5. d3 d5 6. e5 b6 7. g3 Bb7 8. c3 Qd7
9. Bg2 O-O 10. h4 c5 11. h5 Nbc6 12. hxg6 fxg6 13. Bd2 b5 14. Na3 a6 15. d4 b4
16. Nc2 bxc3 17. bxc3 cxd4 18. cxd4 a5 19. Bf1 Ba6 20. Qh2 h6 21. Bxa6 Rxa6 22.
g4 Rb8 23. f5 exf5 24. Bxh6 Nc8 25. Ng5 Nb4 26. Nxb4 axb4 27. Bxg7 Qxg7 28. Qg2
Qb7 29. Rh7 Qxh7 30. Qxd5+ Kh8 31. Nxh7 Kxh7 32. Qd7+ Kh6 33. gxf5 gxf5 34. Kf2
1-0

[Event "OHS2013"]
[Site "?"]
[Date "2013.03.11"]
[Round "6.2"]
[White "Trzaska, Peter"]
[Black "Bartel, Mario"]
[Result "1/2-1/2"]
[WhiteElo "2075"]
[BlackElo "2101"]
[PlyCount "85"]
[EventDate "2013.03.12"]
[SourceDate "2013.03.12"]

1. d4 Nf6 2. Nf3 g6 3. c4 Bg7 4. Nc3 O-O 5. e4 d6 6. Be2 c6 7. O-O Qc7 8. h3
Nbd7 9. Bf4 e5 10. Bh2 Ne8 11. d5 a5 12. Ne1 Nc5 13. Nd3 Nxd3 14. Bxd3 f5 15.
dxc6 bxc6 16. c5 f4 17. Bc4+ Kh8 18. f3 dxc5 19. Qe2 Nd6 20. Rfd1 Re8 21. Na4
Bf8 22. Kh1 Rb8 23. Nxc5 Nxc4 24. Qxc4 Rxb2 25. Qc3 Rb5 26. Nd3 Bg7 27. a4 Rb8
28. Rac1 Rd8 29. Bg1 Be6 30. Nc5 Rxd1 31. Rxd1 Bc8 32. Bf2 h6 33. Be1 Rb4 34.
Nb3 Rxa4 35. Nxa5 c5 36. Rd5 c4 37. Bf2 Be6 38. Rc5 Qd8 39. Kh2 Qd3 40. Qb2
Rxa5 41. Qb8+ Kh7 42. Rxa5 Qd2 43. Qc7 1/2-1/2

[Event "OHS2013"]
[Site "?"]
[Date "2013.03.11"]
[Round "6.3"]
[White "Mancic, Ivan"]
[Black "Reinholz, Benjamin"]
[Result "0-1"]
[WhiteElo "2086"]
[BlackElo "1963"]
[PlyCount "102"]
[EventDate "2013.03.12"]
[SourceDate "2013.03.12"]

1. d4 d5 2. c4 dxc4 3. e3 Nf6 4. Nf3 e6 5. Bxc4 Be7 6. O-O O-O 7. Nc3 b6 8. Qe2
Bb7 9. Rd1 Nbd7 10. a3 c5 11. dxc5 bxc5 12. e4 Qc7 13. Bg5 Rad8 14. Rac1 Ne5
15. Nxe5 Qxe5 16. f4 Qc7 17. Bd3 h6 18. Bxf6 Bxf6 19. e5 Be7 20. Be4 Rxd1+ 21.
Rxd1 Rd8 22. Rxd8+ Bxd8 23. Bxb7 Qxb7 24. Qb5 Bb6 25. Kf1 Kf8 26. Qc4 Qd7 27.
Ke2 f5 28. Qd3 Qc6 29. Qf3 Qd7 30. Qd3 Qc6 31. Kd1 Ke8 32. Qb5 Kd7 33. Ke2 a6
34. Qxc6+ Kxc6 35. Kd3 Ba5 36. Nd1 g5 37. g3 g4 38. Ne3 Be1 39. Ke2 Ba5 40. Nc4
Bc7 41. Kd3 Kd5 42. b3 Kc6 43. Ne3 Bd8 44. Kc4 h5 45. Nc2 h4 46. Ne3 h3 47. Kd3
Be7 48. Nc4 Bh4 49. gxh4 g3 50. hxg3 h2 51. Ne3 h1=Q 0-1

[Event "OHS2013"]
[Site "?"]
[Date "2013.03.11"]
[Round "6.5"]
[White "Löffelbein, Klaus"]
[Black "Melmer, Felix"]
[Result "1/2-1/2"]
[WhiteElo "1870"]
[BlackElo "1996"]
[PlyCount "99"]
[EventDate "2013.03.12"]
[SourceDate "2013.03.13"]

1. e4 c5 2. Nf3 Nc6 3. d4 cxd4 4. Nxd4 g6 5. c4 Nf6 6. Nc3 d6 7. Be2 Nxd4 8.
Qxd4 Bg7 9. O-O O-O 10. Qd1 Be6 11. Rb1 a5 12. b3 Qc8 13. Nd5 Nxd5 14. exd5 Bd7
15. Bb2 Qc5 16. Bxg7 Kxg7 17. Bg4 e6 18. dxe6 fxe6 19. Qd2 a4 20. Rbd1 Ra6 21.
b4 Qc7 22. c5 d5 23. Rfe1 a3 24. Qd4+ Kg8 25. b5 Rf4 26. Qd2 Raa4 27. Bxe6+
Bxe6 28. Rxe6 Qxc5 29. Rde1 Rab4 30. Re8+ Kf7 31. R8e7+ Qxe7 32. Rxe7+ Kxe7 33.
g3 Rb1+ 34. Kg2 Rf5 35. Qe3+ Kd7 36. Qxa3 Rxb5 37. Qc3 Rf7 38. a4 Rb6 39. Qd4
Rd6 40. f4 h5 41. Kh3 Re7 42. Qc5 b6 43. Qb5+ Ke6 44. g4 hxg4+ 45. Kxg4 d4 46.
a5 bxa5 47. Qe5+ Kd7 48. Qb5+ Ke6 49. Qe5+ Kd7 50. Qb5+ 1/2-1/2

[Event "OHS2013"]
[Site "?"]
[Date "2013.03.11"]
[Round "6.6"]
[White "Kiese, Prof. Dr., Matthias"]
[Black "Fischöder, Heiko"]
[Result "1-0"]
[WhiteElo "2125"]
[BlackElo "1939"]
[PlyCount "97"]
[EventDate "2013.03.12"]
[SourceDate "2013.03.13"]

1. d4 Nf6 2. Nf3 b6 3. Bg5 Bb7 4. Nbd2 c5 5. c3 h6 6. Bxf6 gxf6 7. e4 e6 8. Bd3
Rg8 9. O-O Qc7 10. Re1 Qf4 11. d5 Be7 12. Qe2 Qg4 13. g3 h5 14. Nf1 Kf8 15. Ne3
Qf4 16. Rad1 h4 17. Ng2 Qh6 18. Nfxh4 f5 19. Kh1 Bxh4 20. Nxh4 exd5 21. Nxf5
Qh3 22. exd5 Bxd5+ 23. Be4 Rh8 24. Nh4 Bxe4+ 25. Qxe4 Nc6 26. Qf4 Rh5 27. Re4
d5 28. Qd6+ Kg7 29. Rf4 Qe6 30. Qxe6 fxe6 31. Rg4+ Kf7 32. f4 d4 33. Nf3 Rd8
34. Kg2 Rhd5 35. c4 Rh5 36. Rg5 Rxg5 37. Nxg5+ Kf6 38. Kf3 Nb4 39. Ne4+ Kg6 40.
a3 Nc6 41. g4 Na5 42. Nd2 Nc6 43. h4 a5 44. h5+ Kh7 45. Re1 Re8 46. Ne4 Kg7 47.
g5 Rd8 48. Nf2 d3 49. Rxe6 1-0

[Event "OHS2013"]
[Site "?"]
[Date "2013.03.11"]
[Round "6.7"]
[White "Ribbeheger, Edgar"]
[Black "Gorzinski, Dariusz"]
[Result "1-0"]
[WhiteElo "1986"]
[BlackElo "1923"]
[PlyCount "66"]
[EventDate "2013.03.12"]
[SourceDate "2013.03.13"]

1. d4 d5 2. c4 c6 3. Nc3 dxc4 4. a4 e5 5. e3 exd4 6. exd4 Be6 7. Nf3 Nf6 8. Be2
Bb4 9. O-O O-O 10. Ne5 Nbd7 11. Nxc4 Nb6 12. Ne5 Nbd5 13. Qd3 Be7 14. Rd1 Nb4
15. Qg3 Kh8 16. Be3 Nc2 17. Rac1 Nxe3 18. Qxe3 Nd5 19. Nxd5 Bxd5 20. Bd3 g6 21.
Bxg6 Bg5 22. f4 fxg6 23. fxg5 Rf5 24. h4 Qb6 25. Rd2 Qa6 26. g4 Rff8 27. h5
Rae8 28. Rf2 Rxf2 29. Nxg6+ hxg6 30. Qxe8+ Kg7 31. Qxg6+ Kf8 32. Kxf2 Qb6 33.
Qf6+ Kg8 1-0